Microsoft Excel 2002

Bibliographic Details
Main Author: O' Leary, Timothy J.
Format: Book
Language:English
Published: Boston : McGraw-Hill , c2002
Subjects:

MARC

LEADER 00000cam a2200000 7i4500
001 0000109715
005 20141127.0
008 141127 eng
020 |a 0072472359 
090 0 0 |a 005.369 OLE 
100 1 |a O' Leary, Timothy J. 
245 1 0 |a Microsoft Excel 2002   |c Timothy J. O' Leary, Linda O' Leary 
260 |a Boston :   |b McGraw-Hill ,   |c c2002 
300 |a xx,[]p. :   |b ill.col. ;   |c 27cm. 
650 0 0 |a Electronic spreadsheets 
999 |a 0000268266   |b Buku   |c Rak Terbuka   |e Perbadanan Perpustakaan Awam Melaka